Score 0/27 Timer 03:00
2 Plays Today
Clue 4-Letter Word % Correct
Firefighter's toolHOSE
96%
MisplaceLOSE
95.5%
Party throwerHOST
94.7%
PriceCOST
94%
Zero, in tennisLOVE
93.8%
Three, in SpanishTRES
92.8%
____ SueyCHOP
92.3%
Informal talkCHAT
92.1%
Layer of paintCOAT
91.8%
Put dirt into a holeFILL
90%
Farm yieldCROP
89.6%
LadCHAP
88.5%
Sandwich cookie brandOREO
84.5%
DossierFILE
82.3%
Clue 4-Letter Word % Correct
Mined metal sourcesORES
81.8%
VFIVE
80.2%
Motto 'You ___ [This rung] ___'★ LIVE ★
78.6%
Final testamentWILL
78.1%
GreasyOILY
76.3%
A traveling vacationTRIP
71.2%
Cunning, deceptiveWILY
69%
Too much, in FrenchTROP
66.4%
Speaker of the MLB Hall of FameTRIS
65.3%
Motto 'You [This rung] ___ ___'★ ONLY ★
62%
Motto 'You ___ ___ [This rung]'★ ONCE ★
58.8%
Prefix meaning cancer or tumorONCO-
51.3%
Italian river known for its goldORCO
48%

Today's Daily Dose

Missing Word
Train Books

Word Ladder
Piano Man

Quick Pick
Google Products

Get the Picture
Moana or Coco

Remove Ads.
Support Sporcle.
Get the best of Sporcle when you Go Orange. This ad-free experience offers more features, more stats, and more fun while also helping to support Sporcle. Thank you for becoming a member.

You're not logged in!

Compare scores with friends on all Sporcle quizzes.
OR
Log In

Show Comments

Extras

Top Quizzes Today


Score Distribution

Your Account Isn't Verified!

In order to create a playlist on Sporcle, you need to verify the email address you used during registration. Go to your Sporcle Settings to finish the process.

Report this User

Report this user for behavior that violates our Community Guidelines.

Details: